Postomodernism : (Record no. 592979)

000 -LEADER
fixed length control field 00651nam a22001817a 4500
003 - CONTROL NUMBER IDENTIFIER
control field NUST
005 - DATE AND TIME OF LATEST TRANSACTION
control field 20230124144347.0
020 ## - INTERNATIONAL STANDARD BOOK NUMBER
International Standard Book Number 9780860915379
082 ## - DEWEY DECIMAL CLASSIFICATION NUMBER
Classification number 809.91,JAM
100 ## - MAIN ENTRY--PERSONAL NAME
Personal name Jameson, Fredric
9 (RLIN) 107537
245 ## - TITLE STATEMENT
Title Postomodernism :
Remainder of title or, the cultural logic of late capitalism /
Statement of responsibility, etc. Fredric Jameson
260 ## - PUBLICATION, DISTRIBUTION, ETC.
Place of publication, distribution, etc. Verso
Name of publisher, distributor, etc. London
Date of publication, distribution, etc. 1991
300 ## - PHYSICAL DESCRIPTION
Extent xxii, 438 p
505 ## - FORMATTED CONTENTS NOTE
Formatted contents note Culture (Page-1), Ideology (Page-55), Video (Page-67), Architecture (Page-97), Sentences (Page-131), Space (Page-154), Theory (Page-181), Economics (Page-260), Film (Page-297).
650 ## - SUBJECT ADDED ENTRY--TOPICAL TERM
Topical term or geographic name entry element Postomodernism
9 (RLIN) 107538
651 ## - SUBJECT ADDED ENTRY--GEOGRAPHIC NAME
Geographic name Culture
9 (RLIN) 107539
942 ## - ADDED ENTRY ELEMENTS (KOHA)
Source of classification or shelving scheme
Koha item type Book
Holdings
Withdrawn status Lost status Source of classification or shelving scheme Damaged status Not for loan Permanent Location Current Location Shelving location Date acquired Total Checkouts Full call number Barcode Date last seen Price effective from Koha item type Public note
          Military College of Signals (MCS) Military College of Signals (MCS) General Stacks 01/24/2023   809.91,JAM MCS37661 01/24/2023 01/24/2023 Book Almirah No.57, Shelf No.4
© 2023 Central Library, National University of Sciences and Technology. All Rights Reserved.